Algebraic Graph Theory

Salvato in:
Dettagli Bibliografici
Autori principali: Godsil, Chris (Autore), Royle, Gordon (Autore)
Natura: Libro
Lingua:inglese
Pubblicazione: New York : Springer Verlag, 2001
Serie:Graduate Texts in Mathematics 207
Soggetti:
Tags: Aggiungi Tag
Nessun Tag, puoi essere il primo ad aggiungerne!!

MARC

LEADER 00000nam a22000003a 4500
001 stu179603
005 20150617230045.1
008 090210s2001----xxu-----------------eng-d
020 |a 0-387-95220-9 
040 |a STU  |b slo 
041 0 |a eng 
044 |a xxu 
080 |a 519.1 
100 1 |a Godsil, Chris  |4 aut 
245 1 |a Algebraic Graph Theory 
260 |a New York :  |b Springer Verlag,  |c 2001 
300 |a 439 s 
650 7 |a teória grafov  |2 stusub 
700 1 |a Royle, Gordon  |4 aut 
830 0 |a Graduate Texts in Mathematics  |v 207 
996 |b 284M069607  |c M*12445-1  |l MMKN  |s A  |a 24  |w stu179603_0001